Ohio Counties by Population - Statistics

General Stats
  • This quiz has been taken 181 times
    169 since last reset
  • The average score is 36 of 88
Answer Stats
Population County % Correct
1,326,063 Franklin
100%
1,233,088 Cuyahoga
94%
827,058 Hamilton
88%
535,733 Summit
82%
425,484 Lucas
76%
533,796 Montgomery
74%
317,910 Lorain
67%
393,043 Butler
64%
372,716 Stark
64%
231,640 Lake
62%
252,148 Warren
59%
231,636 Delaware
55%
225,596 Mahoning
55%
200,373 Trumbull
50%
183,201 Licking
47%
184,042 Medina
47%
162,665 Portage
47%
211,972 Clermont
44%
165,360 Fairfield
44%
132,650 Wood
44%
134,610 Clark
42%
125,064 Richland
42%
100,838 Allen
41%
96,845 Ashtabula
41%
74,035 Erie
41%
95,407 Geauga
41%
110,876 Miami
41%
12,474 Vinton
41%
116,510 Wayne
41%
62,706 Athens
39%
100,182 Columbiana
39%
169,691 Greene
39%
64,851 Marion
38%
61,086 Pickaway
38%
58,709 Sandusky
38%
58,577 Washington
38%
74,704 Hancock
36%
86,305 Muskingum
36%
76,501 Ross
36%
91,874 Tuscarawas
36%
52,190 Ashland
35%
36,869 Coshocton
35%
42,007 Fulton
35%
38,089 Guernsey
35%
64,026 Jefferson
35%
63,320 Knox
35%
21,767 Meigs
35%
42,439 Mercer
35%
13,153 Monroe
35%
71,969 Scioto
35%
69,637 Union
35%
46,050 Auglaize
33%
64,918 Belmont
33%
26,758 Carroll
33%
51,415 Darke
33%
56,118 Lawrence
33%
14,311 Noble
33%
14,159 Harrison
32%
27,520 Henry
32%
44,386 Holmes
32%
58,199 Huron
32%
44,602 Madison
32%
13,646 Morgan
32%
18,706 Paulding
32%
27,001 Pike
32%
54,527 Seneca
32%
28,704 Van Wert
32%
43,777 Brown
30%
38,845 Champaign
30%
38,315 Defiance
30%
43,614 Highland
30%
27,540 Hocking
30%
46,057 Logan
30%
39,803 Ottawa
30%
34,199 Putnam
30%
47,765 Shelby
30%
36,591 Williams
30%
27,521 Adams
29%
41,529 Crawford
29%
28,817 Fayette
29%
28,986 Gallia
29%
30,368 Hardin
29%
32,606 Jackson
29%
35,551 Perry
29%
40,556 Preble
29%
21,457 Wyandot
29%
41,938 Clinton
27%
35,595 Morrow
27%
No matching quizzes found
Score Distribution
Percent of People with Each Score
Percentile by Number Answered
Your Score History
You have not taken this quiz since the last reset